Co to za logo? (Kluby piłkarskie) - Statystyki

Ogólne statystyki
  • Ten quiz został rozwiązany 189 razy
    104 od ostatniego zresetowania
  • Średni wynik to 11 z 16
Statystyki odpowiedzi
Obrazkowy Odpowiedź % Poprawnych
Inter Miami
95%
Inter Mediolan
94%
Schalke
84%
Nottingham Forest
77%
Osasuna
75%
Werder Brema
75%
Bruk-Bet Termalica Nieciecza
69%
Genoa
69%
Venezia
67%
Besiktas
64%
Derby County
64%
Stade Brestois
61%
Norwich City
59%
Sampdoria
57%
Borussia Monchengladbach
52%
Vitoria Guimaraes
38%
Nie znaleziono quizów pasujących do podanych kryteriów
Rozkład punktacji
Procent ludzi z każdym wynikiem
Percentyl według liczby udzielonych odpowiedzi
Twoja historia wyników
Nie rozwiązałeś tego quizu od ostatniego zresetowania